Meniace sa podmienky v oblasti jadrovej energie (osobitne RAO), nové výzvy pre politiky a strategické dokumenty

Súčasná situácia v oblasti energetickej bezpečnosti v Európskej únii. Definovanie základov energetickej bezpečnosti Slovenskej republiky, ktorá dlhodobo využíva jadrovú energiu ako ústredný zdroj. Poukázanie na potrebu zabezpečiť bezpečné nakladanie s jadrovým odpadom, jeho zneškodnenie a ďalšie súv...

Ausführliche Beschreibung

Gespeichert in:
Bibliographische Detailangaben
1. Verfasser: Filip, Stanislav
Weitere Verfasser: Srebalová, Mária
Format: Buchkapitel
Sprache:Slowakisch
Schlagworte:
Tags: Tag hinzufügen
Keine Tags, Fügen Sie das erste Tag hinzu!

MARC

LEADER 00000naa a2200000 4500
001 0302691
005 20240617110515.4
041 0 |a slo 
044 |a SK 
245 1 0 |a Meniace sa podmienky v oblasti jadrovej energie (osobitne RAO), nové výzvy pre politiky a strategické dokumenty  |c Stanislav Filip, Mária Srebalová 
520 |a Súčasná situácia v oblasti energetickej bezpečnosti v Európskej únii. Definovanie základov energetickej bezpečnosti Slovenskej republiky, ktorá dlhodobo využíva jadrovú energiu ako ústredný zdroj. Poukázanie na potrebu zabezpečiť bezpečné nakladanie s jadrovým odpadom, jeho zneškodnenie a ďalšie súvisiace opatrenia. Strategické dokumenty Slovenskej republiky v oblasti bezpečnosti štátu vrátane energetickej bezpečnosti vo svetle aktuálne sa meniacich bezpečnostných podmienok v Európe. 
610 2 0 |a bezpečnosť energetická 
610 2 0 |a energia 
610 2 0 |a zdroje energetické 
610 2 0 |a dokumenty 
610 2 0 |a legislatíva 
610 2 0 |a Slovensko 
610 2 0 |a Európska únia 
100 1 |a Filip, Stanislav 
700 1 |a Srebalová, Mária